El hombre duplicado / (Record no. 83591)

MARC details
000 -LEADER
campo de control de longitud fija 01119cam a2200361Ia 4500
001 - NÚMERO DE CONTROL
campo de control 52380
003 - IDENTIFICADOR DE NÚMERO DE CONTROL
campo de control BJBSDDR
005 - FECHA Y HORA DE LA ÚLTIMA TRANSACCIÓN
campo de control 20230830181432.0
007 - CAMPO FIJO DE DESCRIPCIÓN FÍSICA--INFORMACIÓN GENERAL
campo de control de longitud fija ta
008 - DATOS DE LONGITUD FIJA--INFORMACIÓN GENERAL
campo de control de longitud fija 030522s2003 mx 000 1 spa d
020 ## - NÚMERO INTERNACIONAL ESTÁNDAR DEL LIBRO
Número Internacional Estándar del Libro 9681911997
020 ## - NÚMERO INTERNACIONAL ESTÁNDAR DEL LIBRO
Número Internacional Estándar del Libro 9789681911997
035 ## - NÚMERO DE CONTROL DEL SISTEMA
Número de control de sistema (OCoLC)ocm52297652
035 ## - NÚMERO DE CONTROL DEL SISTEMA
Número de control de sistema (OCoLC)52297652
040 ## - FUENTE DE CATALOGACIÓN
Centro catalogador/agencia de origen UBP
Lengua de catalogación spa
Centro/agencia transcriptor UBP
Centro/agencia modificador OCLCQ
-- BAKER
041 1# - CÓDIGO DE IDIOMA
Código de lengua del texto/banda sonora o título independiente spa
Código de lengua original por
049 ## - FONDOS LOCALES (OCLC)
Biblioteca depositaria GRAL
050 14 - SIGNATURA TOPOGRÁFICA DE LA BIBLIOTECA DEL CONGRESO
Número de clasificación PQ 9281
Número de ítem S243h 2003
100 1# - ENTRADA PRINCIPAL--NOMBRE DE PERSONA
Nombre de persona Saramago, José de Sousa,
Fechas asociadas al nombre 1922-2010
9 (RLIN) 3354
240 10 - TÍTULO UNIFORME
Título uniforme Homem duplicado.
Lenguaje de la obra Español
245 13 - MENCIÓN DEL TÍTULO
Título El hombre duplicado /
Mención de responsabilidad, etc. José Saramago ; Traducción de Pilar del Río.
260 ## - PUBLICACIÓN, DISTRIBUCIÓN, ETC.
Lugar de publicación, distribución, etc. México :
Nombre del editor, distribuidor, etc. Alfaguara,
Fecha de publicación, distribución, etc. 2003
300 ## - DESCRIPCIÓN FÍSICA
Extensión 407 páginas ;
Dimensiones 21 cm.
490 1# - MENCIÓN DE SERIE
Mención de serie Biblioteca José Saramago.
500 ## - NOTA GENERAL
Nota general Traducción de: O homem duplicado.
586 ## - NOTA DE PREMIOS
Nota de premios Premio Nobel de Literatura 1998.
650 #4 - PUNTO DE ACCESO ADICIONAL DE MATERIA--TÉRMINO DE MATERIA
Término de materia o nombre geográfico como elemento de entrada Identidad (Psicología)
Subdivisión general Novela
9 (RLIN) 26504
650 #0 - PUNTO DE ACCESO ADICIONAL DE MATERIA--TÉRMINO DE MATERIA
Término de materia o nombre geográfico como elemento de entrada Novela portuguesa
9 (RLIN) 3356
Subdivisión cronológica Siglo XX
700 1# - ENTRADA AGREGADA--NOMBRE PERSONAL
Nombre de persona Rio, Pilar del,
Fechas asociadas al nombre 1950-
9 (RLIN) 7834
Término indicativo de función/relación traductora
830 #0 - PUNTO DE ACCESO ADICIONAL DE SERIE-TÍTULO UNIFORME
Título uniforme Biblioteca José Saramago
9 (RLIN) 3359
942 ## - ELEMENTOS DE ENTRADA SECUNDARIOS (KOHA)
Fuente del sistema de clasificación o colocación Clasificación de Library of Congress
Tipo de ítem Koha Libro
946 ## - PROCESAMIENTO DE INFORMACIÓN LOCAL (OCLC)
a csexposito
Holdings
Estatus retirado Estado de pérdida Fuente del sistema de clasificación o colocación Estado de daño No para préstamo Colección Biblioteca de origen Biblioteca actual Ubicación en estantería Fecha de adquisición Signatura topográfica completa Código de barras Visto por última vez Copia número Tipo de ítem Koha
    Clasificación de Library of Congress     Humanidades Biblioteca Juan Bosch Biblioteca Juan Bosch Humanidades (4to. Piso) 10/04/2023 PQ 9281 S243h 2003 00000053847 25/10/2018 1 Libro